ბათუმის შოთა რუსთაველის სახელმწიფო უნივერსიტეტის ბიბლიოთეკა

რჩეული თხზულებანი : 5 ტომად. (ბიბ.ჩანაწერი № 49972)

000 -ლიდერი
ფიქსირებული სიგრძის საკონტროლო ველი 00972nam a2200217Ia 4500
001 - საკონტროლო ნომერი
საკონტროლო ველი 16908
003 - საკონტროლო ნომრის იდენტიფიკატორი
საკონტროლო ველი GE_BSU
005 - ბოლო ოპერაციის თარიღი და დრო
საკონტროლო ველი 20221219154845.0
008 - ფიქსირებული სიგრძის მონაცემთა ელემენტები - ზოგადი ინფორმაცია
ფიქსირებული სიგრძის საკონტროლო ველი 181216s||||||||xx |||||||||||||| ||geo||
040 ## - კატალოგიზაციის წყარო
Transcribing agency GE_BSU
041 ## - ენის კოდი
Language code of text/sound track or separate title geo
080 ## - უნივერსალური ათობითი კლასიფიკაციის ინდექსი
Universal Decimal Classification number 821.353.1:821.353.1-311.6 დ-14
100 ## - მთავარი ჩანაწერი - პიროვნების სახელი
Personal name დადიანი, შალვა
9 (RLIN) 16504
245 ## - ცნობა სათაურის შესახებ
Title რჩეული თხზულებანი : 5 ტომად.
Remainder of title ტ. 2 : [გიორგი რუსი] /
Statement of responsibility, etc შალვა დადიანი ; [რედ. კოლ.: ბ. ჟღენტი და სხვა]
264 ## - წარმოების, გამოცემის, დისტრიბუციის და სხვა ცნობები
გამოცემის, წარმოების, დისტრიბუციის... ადგილი თბილისი :
გამოცემის, წარმოების, დისტრიბუციის... სახელწოდება საბჭ. საქართველო,
გამოცემის, წარმოების, დისტრიბუციის... თარიღი 1959.
300 ## - ფიზიკური აღწერა
Extent 335 გვ.:
Other physical details 22 სმ.
653 ## - INDEX TERM--UNCONTROLLED
Uncontrolled term გიორგი რუსი
653 ## - INDEX TERM--UNCONTROLLED
Uncontrolled term რჩეული თხზულებანი
700 ## - ADDED ENTRY--PERSONAL NAME
Personal name ჟღენტი , ბ [და სხვ]
Relator term სარედაქციო კოლეგია
9 (RLIN) 16505
942 ## - ADDED ENTRY ELEMENTS (KOHA)
Koha item type წიგნი
Source of classification or shelving scheme
ეგზემპლარები
ჩამოწერის სტატუსი დაკარგული ეგზემპლარის სტატუსი კლასიფიკაციის წყარო ან თაროზე გაწყობის სქემა დაზიანების სტატუსი არ გაიცემა მუდმივი მდებარეობა (დაცვის ადგილი) ამჟამინდელი ადგილსამყოფელი თაროზე განთავსების ადგილი შეძენის თარიღი სრული შენახვის შიფრი შტრიხკოდი ბოლო ოპერაციის თარიღი ეგზემპლარის მიმდევრობითი ნომერი (კეტერი?) ფასის ძალაში შესვლის თარიღი ეგზემპლარის სახეობა ღირებულება, შესყიდვის ნორმალური ფასი საჯარო შენიშვნა
          ბათუმის შოთა რუსთაველის სახელმწიფო უნივერსიტეტის მთავარი ბიბლიოთეკა ბათუმის შოთა რუსთაველის სახელმწიფო უნივერსიტეტის მთავარი ბიბლიოთეკა წიგნსაცავი 2018-12-17 821.353.1:821.353.1-311.6 დ-14 22035 2018-12-17 22035 2018-12-17 წიგნი    
          ბათუმის შოთა რუსთაველის სახელმწიფო უნივერსიტეტის მთავარი ბიბლიოთეკა ბათუმის შოთა რუსთაველის სახელმწიფო უნივერსიტეტის მთავარი ბიბლიოთეკა წიგნსაცავი 2022-12-19 821.353.1:821.353.1-311.6 დ-14 63346 2022-12-19 63346 2022-12-19 წიგნი 7.00 7.00